| 000 | 00362nam a2200145Ia 4500 | ||
|---|---|---|---|
| 008 | 230627s9999 xx 000 0 und d | ||
| 041 | _amar | ||
| 082 |
_a345.06 _bRAN |
||
| 100 | _aRanchhoddas R | ||
| 245 | _aLaw Of Evidence | ||
| 250 | _a17ed. | ||
| 260 |
_aNagpur _bWadhwa And Company Pvt.Ltd. _c1987 |
||
| 700 | _a Thakore D.K. | ||
| 700 | _aDhirajlal K.T. | ||
| 999 |
_c682499 _d682499 |
||